Pension reform in Spain (1975-1997) <the> role of organized labour

Salvato in:
Dettagli Bibliografici
Autore principale: Guillén, Ana M.
Natura: Libro
Lingua:inglese
Pubblicazione: San Domenico (FI) European University Institute 1999
Serie:EUI Working Paper EUF No. 99/6
Soggetti:
Tags: Aggiungi Tag
Nessun Tag, puoi essere il primo ad aggiungerne!!

MARC

LEADER 00000nam a2200000 4500
001 c131932
005 20221108123947.7
041 0 |a eng 
044 |a IT 
245 1 0 |a Pension reform in Spain (1975-1997)  |b <the> role of organized labour  |c Ana M. Guillén 
264 1 |a San Domenico (FI)  |b European University Institute  |c 1999 
300 |a 26 s. 
490 1 |a EUI Working Paper EUF  |v No. 99/6 
830 0 |a EUI Working Paper EUF  |v No. 99/6 
610 2 0 |a dôchodky starobné 
610 2 0 |a penzie 
610 2 0 |a reformy 
610 2 0 |a práca 
610 2 0 |a trh práce 
610 2 0 |a Španielsko 
100 1 |a Guillén, Ana M.